Derecho Romano: tratado elemental
Saved in:
| Main Author: | |
|---|---|
| Corporate Author: | |
| Format: | Book |
| Language: | Spanish |
| Published: |
Valparaíso
Imprenta Valparaíso
1950
|
| Edition: | 1a. ed |
| Subjects: | |
| Tags: |
Add Tag
No Tags, Be the first to tag this record!
|
MARC
| LEADER | 00000nam a2200000 a 4500 | ||
|---|---|---|---|
| 001 | UCJ8725 | ||
| 003 | CL-VaPUC | ||
| 005 | 20250116122701.0 | ||
| 008 | 070124e19500000CL |||||||||||||||||spa|d | ||
| 999 | |c 324381 |d 324379 | ||
| 040 | |c Pontificia Universidad Católica de Valparaíso | ||
| 082 | 0 | 4 | |a 340 |b RAV |2 21 |
| 100 | |a Raveau Soules, Rafael |e autor |9 568426 | ||
| 110 | 2 | |a Sagrados Corazones de Valparaíso |e author |9 517671 | |
| 245 | 1 | 0 | |a Derecho Romano: tratado elemental |
| 250 | |a 1a. ed | ||
| 260 | |a Valparaíso |b Imprenta Valparaíso |c 1950 | ||
| 300 | |a 316 p | ||
| 500 | |a Rafael Raveau: Profesor en el curso de Leyes de los Sagrados Corazones de Valparaíso | ||
| 500 | |a Obra premiada por el Consejo Provincial del Colegio de Abogados de Valparaíso | ||
| 583 | |a last modification |c 20130912 04:44:33 |k Rodrigo Vera | ||
| 600 | 0 | |a Justiniano I |d 483-565 |9 858631 | |
| 650 | 0 | |a Derecho romano |9 255930 | |
| 650 | 0 | |a Archivo histórico PUCV |9 255554 | |
| 650 | 0 | |a Enseñanza del derecho |9 354184 | |
| 650 | 0 | |a Historia del derecho |9 255109 | |
| 650 | 0 | |a Académicos |x Pontificia Universidad Católica de Valparaíso (PUCV) |9 255553 | |
| 852 | |a BIBCUR | ||
| 942 | |c BK |2 ddc | ||
| 945 | |d 20070124 00:00:00 |a fvergara | ||
| 952 | |0 0 |1 0 |4 0 |6 340_000000000000000_RAV_1950 |7 0 |8 X |9 404477 |a FDOBUD |b FDOBUD |d 2019-11-22 |i 1083228 |o 340 RAV 1950 |p 1083228 |r 2019-11-22 |w 2019-11-22 |y BK_X |k BUD | ||